流用された応援歌を使っている選手 - Statistics

General Stats
  • This quiz has been taken 25 times
    4 since last reset
  • The average score is 35 of 42
Answer Stats
流用歴 歌詞 Answer % Correct
カブレラ ラララ…(選手名) 君の出番だ let's go!オオオ…オイ! 掴めvictory ダウンズ
100%
藤岡好明-小澤怜史 男勝負の時だ 思い切り投げ込め気迫あふれる闘志で 勝利へ導け 津森宥紀
100%
松修康 高い位置から 速いボールで敵を追い込み 勝利を掴め 杉山一樹
100%
大隣憲司 ほとばしる汗の中 歓声を胸に秘め男なら今ここで 勝つんだ(選手名) 大関友久
100%
ハーミッダ 渾身の力で 敵を蹴散らせ豪快なアーチを スタンドへぶち込め マルティネス
100%
岡大海 駆け抜けろ 緑の海原をGo!(選手名)羽ばたけ 栄光の空へ 伊藤大海
100%
嶋田信敏-奈良原浩-谷内亮太 走塁打撃守備 全て兼ね備えた頼れる仕事人 いざ進むぞ(選手名) 奈良間大己
100%
ボッツ 期待背負いさあ立ち上がれ オー…(選手名)!内に秘めた大きな蕾 この地で今花咲け レイエス
100%
平野恵一 動き回る元気 誰にも負けない明日へと続く道を拓け 前だけ見て 怯まぬ精神 失わぬ気力 頑なに 貫き通せ 西野真弘
100%
川端崇義 胸の奥で熱く滾る 想い全て出し切れ壮絶な争いに 勝ち残れ最後まで 宗佑磨
100%
坂口智隆 素早く力強く 先陣を切れ激闘の中で紅く炎やせ! 武士の心 野口智哉
100%
Bsメインテーマ2-中島宏之 しぶとい一打 ここで見せつけてくれこのチームに勝機呼ぶ (選手名)の底力 廣岡大志
100%
前田大輔-山崎勝己 土埃に塗れ ホーム守り抜く男マスク取りいざ勝負 痛打浴びせたれ 石川亮
100%
濱中治-竹原直隆 混沌する戦場で 狼煙を上げる目の覚める弾道 敵を怯ませる 杉本裕太郎
100%
谷繁元信-村田修一 鍛えたそのパワー かっとばせ勝利をさぁ目指せ ホームラン 牧秀悟
100%
小田嶋正邦 さぁ振り抜け(選手名) 気迫溢れるパワーで夢描け鮮やかに 空高く 宮﨑敏郎
100%
グリエルJr. 儚き夢追いこの地へ 導かれ青の誇り胸に 宙に花咲かせろ ビシエド
100%
アレックス-ロサリオ-ルナ 俺らと夢を 共に叶えよう(選手名) Llevenos a la victoria ファビアン
100%
小窪哲也 未来へ翔ばたけ お前が今、切り裂く道
未知拓け今ここに この思いを乗せて
前川誠太
100%
松本奉文 赤い稲妻を 轟かせ広島揺るがすアーチ 華麗に描け 中村奨成
100%
尾形佳典 夢の力を信じて その心で行くぜ(選手名) 新たな境地へ 二俣翔一
100%
志田宗大 俊足巧打で スタンド揺るがす(選手名)よ今こそ 大空へと羽ばたけよ 並木秀尊
100%
ホワイトセル さぁさ鍛えた肉体と 荒ぶる魂でツバメを救え (選手名)!ファイティングパワー オスナ
100%
ミレッジ 割れんばかりの歓声を 背に受け挑めよ(選手名)!勝利を呼び込む一振りで 皆の夢を掴み取れ サンタナ
100%
大引啓次 この舞台で 光放ついま勝負を決める 気迫の一撃 北村恵吾
100%
鉄平 勝利の道へ 我らを誘え 鋼鉄の脚でフィールド 駆け抜ける風になれ 武藤敦貴
100%
シュワーズ 今その一打に 勝ちへの想い込め燃えさかれ(選手名) この港で 石上泰輝
100%
大野雄次-シーツ-ハーパー 打て打て打て打て 一発(選手名)打て打て打て打て 勝利を目指せ ヒュンメル
100%
呉念庭 我らの願いを背に 安!打!(選手名)!渋く熱く魅せてくれ さあ今だ決めてやれ 林安可
100%
大村直之 駆け抜けろ速く 勝利への道をスピード上げて走り出せ ホームベース目指して 渡部遼人
100%
溝口大樹-ピント 胸元突き刺す 速い球みせ決めろその球で 敵を討ち取れ 松本裕樹
50%
篠原貴行 気迫溢れる その球で行けよ(選手名) ひたむきに 長谷川威展
50%
若菜嘉晴-藤島誠剛 それ行け(選手名) ガッツプレー怒涛の如く 打つぞホームラン 今川優馬
50%
横山道哉 煌めくこの空に 夢の軌道描け今この歓声 打てよ勝利のために 度会隆輝
50%
仁志敏久 誇らしきひと振りは 努力の証揺るがぬ志で 今突き進め 三森大貴
50%
加藤匠馬-加藤翔平 闘志を燃やせ 気迫で守り抜け勝利の歓声 受けて羽ばたけ 加藤匠馬
50%
松井淳 この一打にかける 熱き男よここで敵を打ち砕き 勝利へと導け 増田珠
50%
汎用テーマB 涙と汗で 夢を追いかけ光を放て あの空へ 佐藤直樹
50%
グリーン-スケールズ 溢れる力を出し その名を刻め希望の道を拓け Go my way(選手名) カストロ
50%
松本輝(アキラ) 鍛えたその腕を 自信もって振り抜き揺るがぬ覚悟胸に (選手名)輝け 松本晴
50%
ハフマン オイ!オイ!オイ!(選手名)(選手名) (選手名)ホームラン(選手名)ホームラン ポランコ
0%
金澤健人-坂田将人 魂込めて ボールを投げ込め果敢に攻めて 勝利へ導け 大山凌
0%
No matching quizzes found
Score Distribution
Percent of People with Each Score
Percentile by Number Answered
Your Score History
You have not taken this quiz since the last reset